Words onscreen. The fate of reading in a digital world.
Αποθηκεύτηκε σε:
| Κύριος συγγραφέας: | |
|---|---|
| Μορφή: | Βιβλίο |
| Γλώσσα: | Αγγλικά |
| Έκδοση: |
Oxford, United Kingdom:
Oxford University Press,
2015
|
| Θέματα: | |
| Ετικέτες: |
Προσθήκη ετικέτας
Δεν υπάρχουν, Καταχωρήστε ετικέτα πρώτοι!
|
MARC
| LEADER | 00000nam a22000007a 4500 | ||
|---|---|---|---|
| 003 | CL-VaPUC | ||
| 005 | 20220502092603.0 | ||
| 008 | 220406b2015 ||||| |||| 00| 0 eng d | ||
| 999 | |c 435307 |d 435305 | ||
| 020 | |a 978-0-19-931576-5 | ||
| 040 | |c Pontificia Universidad Católica de Valparaíso | ||
| 082 | 7 | |a 028.90285 BAR 2015 |2 22 | |
| 100 | 1 | |a Baron, Naomi S |e author |9 868068 | |
| 245 | 1 | |a Words onscreen. |b The fate of reading in a digital world. | |
| 260 | |a Oxford, United Kingdom: |b Oxford University Press, |c 2015 | ||
| 300 | |a 304 páginas | ||
| 500 | |a C.1 Donación Familia profesor Giovanni Parodi S. Memo 01/2022. 25-03-2022 | ||
| 583 | |c 20220406 |k Catalogador Asistente | ||
| 650 | |a Lectura |x Innovaciones tecnológicas |9 868452 | ||
| 650 | |a Instrucción asistida por computadora |9 864797 | ||
| 942 | |2 ddc |c BK | ||
| 952 | |0 0 |1 0 |2 ddc |4 0 |6 028_902850000000000_BAR_2015 |7 0 |8 C_GPS |9 582487 |a FDOPOS |b FDOPOS |c GEN |d 2022-04-06 |e Donación |i 5650719 |o 028.90285 BAR 2015 |p 5650719 |r 2025-01-22 |t 1 |w 2022-04-06 |y BK |k MLA | ||